Spell the Fantastic Four Member #9 - Statistics

General Stats
  • This quiz has been taken 19 times
  • The average score is 7 of 9
Answer Stats
Picture Answer % Correct
Human Torch
100%
Invisible Woman
100%
H.E.R.B.I.E.
93%
Galacta
86%
She-Thing
71%
Silk
71%
Thundra
71%
Nova (Frankie Raye)
64%
Elementa
36%
No matching quizzes found
Score Distribution
Percent of People with Each Score
Percentile by Number Answered
Your Score History
You have not taken this quiz